| 000 | 00000nam 2200000zi 4500 |
| 001 | 9.867770 |
| 003 | CaOODSP |
| 005 | 20241203113645 |
| 006 | m o d f |
| 007 | cr nn||||||||| |
| 008 | 190130s1987 oncab ob f000 0 eng d |
| 040 | |aCaOODSP|beng|erda|cCaOODSP |
| 041 | |aeng|bfre |
| 043 | |an-cn-ns |
| 086 | 1 |aEn13-5/87-28E-PDF |
| 100 | 1 |aMetcalfe-Smith, J. L. |q(Janice L.)|eauthor. |
| 245 | 10|aAging and contaminant analysis of mussel shells from the Shubenacadie River headwater lakes in Nova Scotia / |cJ.L. Metcalfe, R.H. Green and C. Walker. |
| 264 | 1|aBurlington, Ontario : |bEnvironmental Contaminants Division, National Water Research Institute, Canada Centre for Inland Waters, |c[1987] |
| 300 | |a1 online resource (34 pages, 8 unnumbered pages) : |billustrations, maps. |
| 336 | |atext|btxt|2rdacontent |
| 337 | |acomputer|bc|2rdamedia |
| 338 | |aonline resource|bcr|2rdacarrier |
| 490 | 1 |aNWRI contribution ; |vno. 87-28 |
| 500 | |aCover title. |
| 500 | |a"Branch control no. ECD-125." |
| 500 | |a"This manuscript has been submitted as a NWRI publication and the contents are subject to change. This copy is to provide information prior to publication." |
| 500 | |aDigitized edition from print [produced by Environment and Climate Change Canada]. |
| 504 | |aIncludes bibliographical references. |
| 546 | |aIncludes executive summary, management perspective and abstract in French. |
| 693 | 4|aUnionidae--Effect of water pollution on--Nova Scotia--Shubenacadie-Stewiacke River Basin |
| 693 | 4|aIndicators (Biology)--Nova Scotia--Shubenacadie-Stewiacke River Basin |
| 700 | 1 |aGreen, R. H., |eauthor. |
| 700 | 1 |aWalker, C., |eauthor. |
| 710 | 1 |aCanada. |bEnvironment Canada. |
| 710 | 2 |aNational Water Research Institute (Canada) |
| 830 | #0|aNWRI contribution ;|vno. 87-28.|w(CaOODSP)9.844121 |
| 856 | 40|qPDF|s3.05 MB|uhttps://publications.gc.ca/collections/collection_2019/eccc/En13-5-87-28-eng.pdf |